Ashford collapse caused by malpractice. (Record no. 61631)

MARC details
000 -LEADER
fixed length control field 00758cam a2200193 4500
001 - CONTROL NUMBER
control field WB3535-06
008 - FIXED-LENGTH DATA ELEMENTS--GENERAL INFORMATION
fixed length control field 000000n1999 000 0 eng u
035 ## - SYSTEM CONTROL NUMBER
System control number (Sirsi) u102636
245 ## - TITLE STATEMENT
Title Ashford collapse caused by malpractice.
260 ## - PUBLICATION, DISTRIBUTION, ETC.
Date of publication, distribution, etc. 1999
490 ## - SERIES STATEMENT
Series statement Building
Volume/sequential designation 264(8102) 3 September 1999, 12(1)
520 ## - SUMMARY, ETC.
Summary, etc. HSE warns of the risk of construction defects in pre-1970 buildings. Article discusses the HSE report, "Collapse of a three-storey building" about the 1995 collapse of a single-storey office block built in 1969-70 at Ashford, Middlesex, which had had two storeys added.
650 ## - SUBJECT ADDED ENTRY--TOPICAL TERM
Topical term or geographic name entry element OFFICE BUILDINGS
650 ## - SUBJECT ADDED ENTRY--TOPICAL TERM
Topical term or geographic name entry element EXTENSIONS
650 ## - SUBJECT ADDED ENTRY--TOPICAL TERM
Topical term or geographic name entry element ALTERATIONS
650 ## - SUBJECT ADDED ENTRY--TOPICAL TERM
Topical term or geographic name entry element BUILDING DEFECTS
690 ## - LOCAL SUBJECT ADDED ENTRY--TOPICAL TERM (OCLC, RLIN)
Topical term or geographic name as entry element BUILT ENVIRONMENT
942 ## - ADDED ENTRY ELEMENTS (KOHA)
Suppress in OPAC 0
Holdings
Withdrawn status Lost status Source of classification or shelving scheme Damaged status Not for loan Home library Current library Shelving location Date acquired Total Checkouts Full call number Barcode Date last seen Copy number Price effective from Koha item type
    Dewey Decimal Classification     London London News article 23/11/1999   WB3535-06 102636-1001 06/08/2019 1 06/08/2019 News article